| 000 | nam a22 7a 4500 | ||
|---|---|---|---|
| 999 |
_c15446 _d15446 |
||
| 008 | 161101b xxu||||| |||| 00| 0 eng d | ||
| 020 | _a1931280118 | ||
| 020 | _a1931280112 | ||
| 050 | _aLC 39993.2 .R49 2009 | ||
| 100 | _aedited by Renzulli Joseph | ||
| 245 |
_aSystems & Models for Developing Programs for the Gifted & T/alented _cedited by Joseph S. Renzulli, E.Jean Gubbins, Kristin S. McMillen, Rebecca D. Eckert and Catherine A. Little |
||
| 250 | _a2nd ed. | ||
| 260 |
_aMansfield Center, CT: _bCreative Learning Press, _c2009 |
||
| 300 |
_ax, 728 p. : _bill. ; _c28cm |
||
| 650 |
_aGifted Children. _xEducation. |
||
| 700 | _aGubbins, Jean | ||
| 700 | _aMcMillen, Kristin S. | ||
| 700 | _aEckert, Rebecca D. | ||
| 700 | _aLittle, Catherine A. | ||
| 942 |
_2lcc _cBOOKS _hLC 39993.2 .R49 2009 |
||